|
|
|
|
| LEADER |
00906nam a22002772a 4500 |
| 001 |
001654495 |
| 003 |
CZ BrMZK |
| 005 |
20190326104704.0 |
| 007 |
ta |
| 008 |
181103s1959 gw er|||||||||||ger d |
| 040 |
|
|
|a BOA001
|b cze
|e aacr2
|
| 072 |
|
7 |
|a 616
|x Patologie. Klinická medicína
|2 Konspekt
|9 14
|
| 080 |
|
|
|a 616.8-009.836.12
|2 MRF
|
| 080 |
|
|
|a (043.3)
|2 MRF
|
| 100 |
1 |
|
|a Richter, Rolf
|4 dis
|
| 245 |
1 |
0 |
|a Zum Problem der posttraumatischen Narkolepsie /
|c Rolf Richter
|
| 260 |
|
|
|a München :
|b Rolf Richter,
|c 1959
|
| 300 |
|
|
|a 40 s.
|
| 502 |
|
|
|a Disertace--Universität München, 1959
|
| 650 |
0 |
7 |
|a narkolepsie
|7 ph928218
|2 czenas
|
| 655 |
|
7 |
|a disertace
|7 fd1320t24
|2 czenas
|
| 710 |
2 |
|
|a Universität München
|7 kn20020322441
|4 isb
|
| 910 |
|
|
|a BOA001
|b X-0435.748
|
| 990 |
|
|
|a BK
|
| 991 |
|
|
|b 201810
|
| 996 |
7 |
|
|b 2618965637
|c X-0435.748
|l MZK
|r Sklad / do 24 hodin
|n 0
|w 001693477
|u 000010
|a 1
|e BOA001
|j MZK50
|s A
|